Bezpečnosť elektronických lístkových systémov
Saved in:
| Main Author: | |
|---|---|
| Other Authors: | |
| Format: | Manuscript Book |
| Language: | Slovak |
| Published: |
2019
|
| Subjects: | |
| Online Access: | http://is.stuba.sk/zp/portal_zp.pl?podrobnosti=145579 |
| Tags: |
No Tags, Be the first to tag this record!
|
MARC
| LEADER | 00000ntm a22000003a 4500 | ||
|---|---|---|---|
| 001 | stuzp75046 | ||
| 003 | SK-STU | ||
| 005 | 20190622212841.3 | ||
| 007 | ta | ||
| 008 | 150427s2015----xo-----f-mn---000-0-slo-d | ||
| 040 | |a STU |b slo | ||
| 041 | 0 | |a slo | |
| 100 | 1 | |a Žabka, Peter |u 070400 |k Z4 |4 aut |U FIIT Fakulta informatiky a informačných technológií |T FIIT Ústav počítačového inžinierstva a aplikovanej informatiky |X 74372 |U I400 |Y 672 |7 74372 | |
| 242 | 0 | 1 | |a Security of e-ticket systems |y eng |
| 245 | 1 | 0 | |a Bezpečnosť elektronických lístkových systémov |
| 260 | |c 2019 | ||
| 650 | 4 | |a elektronické lístky |2 slo | |
| 650 | 4 | |a bezpečnosť |2 slo | |
| 650 | 4 | |a cestovné lístky |2 slo | |
| 650 | 4 | |a electronic tickets |2 eng | |
| 650 | 4 | |a security |2 eng | |
| 650 | 4 | |a travel tickets |2 eng | |
| 700 | 1 | |a Hudec, Ladislav |u 070400 |k Z1 |4 ths |U FIIT Fakulta informatiky a informačných technológií |T FIIT Ústav počítačového inžinierstva a aplikovanej informatiky |X 2081 |U I400 |Y 672 |7 2081 | |
| 856 | 4 | |u http://is.stuba.sk/zp/portal_zp.pl?podrobnosti=145579 | |
| 996 | |c I*DP21/19 |l II680 |s P |a 0 |w stuzp75046_0001 | ||